000 00695cam a22002413a 4500
001 25797
003 PGUSA
005 20140828083544.0
008 080615s2008||||xxu|||||s|||||000 | eng d
040 _aPGUSA
_beng
042 _adc
050 4 _aLC
100 1 _aGollancz, Victor,
_d1893-1967
245 1 4 _aThe School and the World
_h[electronic resource] /
_cVictor Gollancz
260 _bProject Gutenberg,
_c2008
506 _aPublic domain in the USA.
516 _aElectronic text
653 _aPublic schools -- England
653 _aPolitical science -- Study and teaching
830 0 _aProject Gutenberg
_v25797
856 4 0 _uhttp://www.gutenberg.org/ebooks/25797
942 _cEB
999 _c255052
_d255052